Program na podporu malého podnikání

Princíp programu na podporu malého podnikania. Ponuka firmy Compaq Computer pre malé a stredné podniky. Charakteristika problematiky malých a stredných podnikov. Ciele programu firmy Compaq Computer.

Enregistré dans:
Détails bibliographiques
Format: Livre
Langue:tchèque
Sujets:
Tags: Ajouter un tag
Pas de tags, Soyez le premier à ajouter un tag!

MARC

LEADER 00000nam a2200000 4500
001 r030085
005 20230522111528.0
041 0 |a cze 
044 |a CZ 
245 1 0 |a Program na podporu malého podnikání 
520 |a Princíp programu na podporu malého podnikania. Ponuka firmy Compaq Computer pre malé a stredné podniky. Charakteristika problematiky malých a stredných podnikov. Ciele programu firmy Compaq Computer. 
610 2 0 |a podpora podnikania 
610 2 0 |a podnik malý 
610 2 0 |a podnik stredný 
610 2 0 |a podnikanie drobné 
610 2 0 |a hardvér 
610 2 0 |a softvér 
610 2 0 |a segmentácia trhu 
610 2 0 |a predaj 
610 2 0 |a Compaq Computer